[Event "Petrovskaya Ladya IM"]
[Site "Peterhof RUS"]
[Date "2008.01.04"]
[Round "3"]
[White "Rozum,I"]
[Black "Fedoseev,Vl3"]
[Result "0-1"]
[WhiteElo "2410"]
[BlackElo "2247"]

1.d4 g6 2.e4 Bg7 3.Nc3 d6 4.f4 f5 5.exf5 Bxf5 6.Nf3 Nc6 7.Bb5 a6 8.Ba4 b5
9.Bb3 Na5 10.Bxg8 Rxg8 11.O-O Qd7 12.d5 Nc4 13.h3 b4 14.Ne2 Qb5 15.c3 Qc5+
16.Kh1 bxc3 17.Nxc3 Bxc3 18.bxc3 Nb6 19.Re1 Nxd5 20.Qe2 Qxc3 21.Bd2 Qd3 22.Qf2 Rb8
23.Rad1 Qc4 24.Bc1 c5 25.Qh4 Rg7 26.Qh6 Kf7 27.Re5 Bc2 28.Rexd5 Bxd1 29.Rxd1 Kg8
30.Qh4 Qxa2 31.Re1 Rb1 32.Qg4 h6 33.Qc8+ Kh7 34.f5 Qc2 35.fxg6+ Qxg6 36.Nh4 Qc2
37.Bd2 Rxe1+ 38.Bxe1 Qe4 39.Nf3 Qd3 40.Kh2 c4 41.Qxa6 Qc2 42.Nh4 Qc1 43.Bg3 Rxg3
44.Kxg3 Qg5+ 45.Kf3 Qxh4 46.Qc8 Qf6+ 47.Ke2 Qe5+ 48.Kd2 d5 49.g4 Qd4+ 50.Kc1 c3
51.Qf5+ Kg7 52.Kc2 Qd2+ 53.Kb3 Qb2+ 54.Ka4 c2 55.Qe6 Qa2+ 56.Kb5 Qc4+ 57.Ka5 Qc5+
58.Ka4 c1=Q 59.Qe5+ Kf7 60.Qh5+ Kf8 61.Qf5+ Ke8  0-1

[Event "XXXIII Open"]
[Site "Sevilla ESP"]
[Date "2008.01.05"]
[Round "1"]
[White "Rizouk,A"]
[Black "Diaz Castro,I"]
[Result "1-0"]
[WhiteElo "2498"]
[BlackElo "1876"]

1.e4 g6 2.d4 Bg7 3.Nc3 d6 4.Be3 Nf6 5.Nf3 O-O 6.h3 Nbd7 7.e5 Ne8 8.Bf4 Nb6
9.Bd3 Be6 10.Ng5 Nd5 11.Nxd5 Bxd5 12.O-O h6 13.Ne4 c6 14.Qc1 Kh7 15.Ng3 f5
16.h4 Be6 17.Re1 Qd7 18.h5 g5 19.Bxg5 hxg5 20.Qxg5 Rf7 21.Nxf5 Rxf5 22.Bxf5+ Bxf5
23.e6 Bxe6 24.Qg6+ Kh8 25.Rxe6 Nc7 26.Re4 Qe8 27.Qg5 Nd5 28.Rae1 Qf8 29.c4 Bf6
30.Qg6 Nc7 31.g4 Qg7 32.Qxg7+ Kxg7 33.Rxe7+ Bxe7 34.Rxe7+ Kf6 35.Rxc7 b5
36.Rxc6 bxc4 37.Rxd6+ Ke7 38.Rc6  1-0

[Event "XXXIII Open"]
[Site "Sevilla ESP"]
[Date "2008.01.07"]
[Round "3"]
[White "Melero Fidalgo,J"]
[Black "Komljenovic,D"]
[Result "0-1"]
[WhiteElo "2184"]
[BlackElo "2482"]

1.e4 g6 2.Nc3 Bg7 3.d4 d6 4.Nf3 Nf6 5.h3 O-O 6.Be3 Nc6 7.Bb5 a6 8.Bxc6 bxc6
9.Qd2 Re8 10.O-O Bb7 11.Bh6 Bh8 12.Rfe1 Nd7 13.e5 c5 14.e6 fxe6 15.Ng5 cxd4
16.Qf4 Bf6 17.Nxe6 Qc8 18.Ne4 Bxe4 19.Qxe4 Ne5 20.Nxd4 c5 21.Ne2 Nf7 22.Bc1 Rb8
23.Rb1 Rb4 24.Qd3 Qf5 25.b3 Qxd3 26.cxd3 Ne5 27.Rd1 Kf7 28.Bb2 Nc6 29.Kf1 Bxb2
30.Rxb2 a5 31.Ke1 a4 32.Kd2 axb3 33.axb3 Ra8 34.Kc3 e5 35.f4 exf4 36.Rf1 g5
37.g3 Ne7 38.d4 Nd5+ 39.Kd3 c4+ 40.Kd2 c3+  0-1

[Event "Open A"]
[Site "Prague CZE"]
[Date "2008.01.11"]
[Round "1"]
[White "Kulicov,O"]
[Black "Mottonen,A"]
[Result "1-0"]
[WhiteElo "2405"]
[BlackElo "2047"]

1.e4 d6 2.d4 g6 3.Nc3 Bg7 4.Bg5 c6 5.Qd2 b5 6.a3 Qc7 7.f4 e6 8.Nf3 Ne7 9.e5 d5
10.Bd3 a6 11.Ne2 c5 12.c3 c4 13.Bc2 Nbc6 14.g4 Ng8 15.O-O h5 16.h3 hxg4 17.hxg4 Nce7
18.Kg2 Bb7 19.Rh1 Rxh1 20.Rxh1 Bf8 21.Rh7 a5 22.Ng3 Qb6 23.f5 gxf5 24.gxf5 exf5
25.Nxf5 Nxf5 26.Bxf5 Bc8 27.Bc2 Be6 28.Rh8 f6 29.Bg6+ Kd7 30.exf6  1-0

[Event "ASEAN Masters Circuit GMB"]
[Site "Tarakan INA"]
[Date "2008.01.11"]
[Round "4"]
[White "Sukandar,I"]
[Black "Prayitno,S"]
[Result "0-1"]
[WhiteElo "2266"]
[BlackElo "2312"]

1.e4 g6 2.d4 Bg7 3.Nc3 d6 4.Nf3 Bg4 5.Be2 Nc6 6.Be3 e5 7.d5 Nce7 8.Qd2 Bxf3
9.gxf3 f5 10.f4 Nf6 11.fxe5 dxe5 12.f3 O-O 13.O-O-O Kh8 14.Bc5 Re8 15.Kb1 a6
16.Rhg1 f4 17.Ba3 Nc8 18.Na4 Nd7 19.c4 b6 20.Bf1 Nd6 21.Rc1 Bf8 22.Qc3 Qh4
23.Rc2 Nb7 24.Bxf8 Rxf8 25.b3 Rfe8 26.Rg4 Qf6 27.h4 a5 28.Bh3 Ndc5 29.Nb2 Nd6
30.Rcg2 Rg8 31.Rg1 Nf7 32.Nd1 Rae8 33.Nf2 h5 34.R4g2 Qxh4 35.a3 Qf6 36.b4 axb4
37.axb4 Nb7 38.Bd7 Re7 39.Bf5 g5 40.Rh1 h4 41.Ng4 Qd6 42.Be6 Rg7 43.Ra2 Rxe6
44.dxe6 Qxe6 45.Ra8+ Kh7 46.Re8 Qc6 47.b5 Qd6 48.Nxe5 Qf6 49.Qa3 Nxe5 50.Qa8 Nxc4
51.Rh8+ Kg6 52.Qe8+ Qf7 53.Qc6+ Nbd6 54.Rg1 Ne5 55.Qc3 Ndc4 56.Rxh4 Nxf3  0-1

[Event "4NCL 2007-8"]
[Site "Wokefield Park ENG"]
[Date "2008.01.12"]
[Round "5"]
[White "Nixon,T"]
[Black "McFarland,R"]
[Result "0-1"]
[WhiteElo "2202"]
[BlackElo "2229"]

1.d4 g6 2.e4 Bg7 3.Nc3 d6 4.Be3 a6 5.Qd2 Nd7 6.a4 b6 7.f3 c5 8.Bc4 cxd4 9.Bxd4 Bxd4
10.Qxd4 Ngf6 11.f4 Bb7 12.Nf3 Nc5 13.O-O-O O-O 14.Rhe1 b5 15.axb5 axb5 16.Bxb5 Nfxe4
17.Nb1 Qb6 18.Bc4 Ra4 19.b3 Rb4 20.Nbd2 Nf2 21.Rxe7 Nxd1 22.Kxd1 Qd8 23.Qf6 d5
24.Ne5 Rb6 25.Qh4 dxc4 26.Nxc4 Re6 27.Rxe6 Qxh4 28.Rb6 Bxg2 29.Rb5  0-1

[Event "6th Parsvnath Open"]
[Site "New Delhi IND"]
[Date "2008.01.13"]
[Round "1"]
[White "Patil,Pr2"]
[Black "Dzhumaev,M"]
[Result "0-1"]
[WhiteElo "1935"]
[BlackElo "2527"]

1.e4 g6 2.d4 Bg7 3.Nc3 d6 4.f4 Nc6 5.Nf3 Bg4 6.Be3 Bxf3 7.gxf3 e6 8.Qd2 Nf6
9.O-O-O d5 10.e5 Nh5 11.Ne2 Bf8 12.Ng3 Ng7 13.c4 Ne7 14.c5 c6 15.Bd3 h5 16.h4 Nef5
17.Nxf5 exf5 18.Kb1 Ne6 19.Rc1 Bh6 20.a4 O-O 21.b3 b6 22.cxb6 Qxb6 23.Bc2 Qb7
24.Ka2 c5 25.Rhg1 Kh8 26.dxc5 d4 27.Bf2 Bxf4 28.Qd1 Rfd8 29.c6 Qxc6 30.Rb1 d3
31.Bxd3 Qc3  0-1

[Event "6th Parsvnath Open"]
[Site "New Delhi IND"]
[Date "2008.01.13"]
[Round "2"]
[White "Darban,M"]
[Black "Swaraj,P"]
[Result "1-0"]
[WhiteElo "2401"]
[BlackElo "2101"]

1.e4 g6 2.d4 Bg7 3.Nc3 d6 4.f4 Nf6 5.Nf3 c6 6.Bd3 Bg4 7.h3 Bxf3 8.Qxf3 Qb6
9.Ne2 Nbd7 10.e5 Nd5 11.c3 f5 12.g4 dxe5 13.fxe5 fxg4 14.hxg4 O-O-O 15.Qf7 Bxe5
16.Rxh7 Rhg8 17.g5 Rgf8 18.Qxg6 Bf4 19.Nxf4 Nxf4 20.Bxf4 Rxf4 21.Rh2 e5 22.O-O-O Nf8
23.Qh6 e4 24.Bc4 Qc7 25.Rg2 Kb8 26.Rdg1 Rd7 27.g6 Rg7 28.Bf7 Rgxf7 29.g7 Rf1+
30.Rxf1 Rxf1+ 31.Kc2 Qf7 32.g8=Q Qf3  1-0

[Event "6th Parsvnath Open"]
[Site "New Delhi IND"]
[Date "2008.01.14"]
[Round "3"]
[White "Mari,O"]
[Black "Dzhumaev,M"]
[Result "0-1"]
[WhiteElo "2165"]
[BlackElo "2527"]

1.e4 g6 2.d4 Bg7 3.Nc3 d6 4.Be3 c6 5.Qd2 Nd7 6.Nf3 e5 7.O-O-O Qe7 8.h3 Ngf6
9.Bh6 Bxh6 10.Qxh6 b5 11.dxe5 dxe5 12.Bd3 Bb7 13.Kb1 O-O-O 14.Qe3 a6 15.Nd2 c5
16.Be2 c4 17.a4 Qb4 18.axb5 axb5 19.Nxb5 Qxb5 20.Nxc4 Qc5 21.Nd6+ Kc7 22.Qb3 Bc6
23.f3 Rb8 24.Qxf7 Rxb2+ 25.Kxb2 Rb8+ 26.Qb3 Ba4 27.Qxb8+ Nxb8 28.Bc4 Nc6
29.Bb3 Bxb3 30.cxb3 Qf2+ 31.Ka3 Nd4 32.Nc4 Qxg2 33.Nxe5 Nc2+ 34.Ka4 Qf2 35.b4 Nd4
36.Rc1+ Kb7  0-1

[Event "115th ch-NZL"]
[Site "Auckland NZL"]
[Date "2008.01.15"]
[Round "1"]
[White "Fuatai,F"]
[Black "Reilly,T"]
[Result "0-1"]
[WhiteElo "2087"]
[BlackElo "2276"]

1.e4 d6 2.d4 g6 3.Nc3 Bg7 4.Nf3 a6 5.a4 Nf6 6.h3 O-O 7.Be3 b6 8.Qd2 Bb7 9.Bd3 Nbd7
10.Bh6 e5 11.Bxg7 Kxg7 12.d5 c6 13.dxc6 Bxc6 14.O-O Qc7 15.Rfe1 Rfe8 16.Bc4 Bb7
17.Ba2 Nc5 18.Nd5 Nxd5 19.Bxd5 Bxd5 20.Qxd5 Ne6 21.c3 Nf4 22.Qd2 Rad8 23.g3 Nxh3+
24.Kg2 Qd7 25.Rh1 Nf4+ 26.Kf1 Qg4 27.Qe3 Nh5 28.Rh4 Qe6 29.Kg2 d5 30.Rah1 dxe4
31.Rxe4 f6 32.Re1 Qc6 33.Kh2 Rf8 34.Rb4 Rd6 35.Qe2 Rfd8 36.Rc4 Qb7 37.b4 Kg8
38.Rh4 Rd3 39.Nd4 Rxc3 40.Nf5 gxf5 41.Qxh5 Rf3 42.Re2 Rd1  0-1

[Event "6th Parsvnath Open"]
[Site "New Delhi IND"]
[Date "2008.01.15"]
[Round "4"]
[White "Singh,DP"]
[Black "Rahman,Zia"]
[Result "0-1"]
[WhiteElo "2326"]
[BlackElo "2492"]

1.d4 d6 2.e4 g6 3.Nc3 Bg7 4.g3 Nc6 5.Be3 Nf6 6.f3 O-O 7.Bg2 e5 8.d5 Ne7 9.Qd2 c6
10.Nge2 cxd5 11.exd5 b5 12.a3 Bb7 13.Nxb5 Nexd5 14.Bf2 a6 15.Nbc3 Nxc3 16.Nxc3 Qc7
17.O-O Rac8 18.Rac1 d5 19.Na4 d4 20.b4 Ng4 21.Qg5 Nxf2 22.Rxf2 a5 23.Nc5 Bc6
24.Qd2 axb4 25.axb4 Qb6 26.Bf1 h5 27.Ra1 Ra8 28.Re1 Rab8 29.Rb1 Kh7 30.g4 hxg4
31.fxg4 e4 32.Qg5 e3 33.Rf4 Bh6 34.Qh4 Qxc5 35.bxc5 Rxb1 36.g5 e2 37.gxh6 e1=Q
38.Qf6 Qe3+ 39.Rf2 Rxf1+  0-1

[Event "6th Parsvnath Open"]
[Site "New Delhi IND"]
[Date "2008.01.16"]
[Round "6"]
[White "Kurnosov,I"]
[Black "Dzhumaev,M"]
[Result "0-1"]
[WhiteElo "2577"]
[BlackElo "2527"]

1.e4 g6 2.d4 Bg7 3.Nc3 d6 4.Bg5 Nd7 5.Nf3 c6 6.Qd2 b5 7.Bd3 a6 8.a4 b4 9.Ne2 c5
10.O-O Rb8 11.c3 Qa5 12.Rfd1 e6 13.e5 Bb7 14.cxb4 cxb4 15.exd6 Bxf3 16.gxf3 Ngf6
17.Rdc1 O-O 18.Rc7 Qd5 19.Bf4 Qxf3 20.Bxa6 e5 21.dxe5 Nh5 22.Qe3 Qg4+ 23.Kh1 Nxf4
24.Qxf4 Nxe5 25.Qxg4 Nxg4 26.d7 Rb6 27.Bc8 Bxb2 28.a5 Rf6 29.Rb1 Be5 30.Rc4 Nxf2+
31.Kg1 Nh3+ 32.Kg2 Rf2+ 33.Kxh3 Rxe2 34.Kg4 Re3  0-1

[Event "ch-Reykjavik"]
[Site "Reykjavik ISL"]
[Date "2008.01.16"]
[Round "5"]
[White "Olafsson,Thorv"]
[Black "Danielsen,Hen"]
[Result "0-1"]
[WhiteElo "2144"]
[BlackElo "2506"]

1.e4 g6 2.d4 Bg7 3.Nc3 d6 4.Be3 a6 5.Qd2 Nd7 6.Bc4 b5 7.Bd5 Rb8 8.Nf3 Ngf6
9.Bxf7+ Kxf7 10.e5 Nb6 11.exf6 exf6 12.O-O Bb7 13.Ne1 Nc4 14.Qc1 b4 15.Ne2 Re8
16.Nd3 Nxe3 17.fxe3 Qe7 18.Nef4 c5 19.Qd2 f5 20.Rae1 a5 21.c3 Kg8 22.a3 bxa3
23.bxa3 Ba6 24.Rf3 Bc4 25.Nb2 Bf7 26.Na4 Qe4 27.Qd3 g5  0-1

[Event "ASEAN Masters Circuit GMB"]
[Site "Tarakan INA"]
[Date "2008.01.16"]
[Round "8"]
[White "Sukandar,I"]
[Black "Mok Tze Meng"]
[Result "0-1"]
[WhiteElo "2266"]
[BlackElo "2346"]

1.e4 g6 2.d4 Bg7 3.Nc3 d6 4.Bc4 Nf6 5.Qe2 O-O 6.e5 Nfd7 7.Nf3 Nb6 8.Bd3 Nc6
9.h3 Nb4 10.Bg5 f6 11.Bh4 Nxd3+ 12.cxd3 Bf5 13.Rd1 Qd7 14.O-O Rad8 15.Rfe1 dxe5
16.dxe5 Bxd3 17.Qe3 Nc4 18.Qc1 Qc6 19.exf6 exf6 20.Re7 Qc5 21.Rde1 Nd6 22.Na4 Qxc1
23.Rxc1 Nf5 24.Rexc7 Be4 25.Bg3 Nxg3 26.fxg3 Bh6 27.Re1 Bc6 28.Nc5 Rf7 29.Rxf7 Kxf7
30.Nb3 Rd5 31.Kf2 a5 32.Nbd4 Bd7 33.Re2 Rc5 34.Nb3 Rd5 35.Rc2 b6 36.Rc7 Bf8
37.Rb7 a4 38.Nbd4 Bc5 39.Ke3 Ke7 40.Ke4 Rd6 41.Kd3 Kd8 42.Rb8+ Bc8 43.Ra8 b5
44.Kc3 Rb6 45.Ra7 Bd7 46.Ra8+ Bc8 47.Ra7 Be7 48.b4 Bb7 49.Ra5 Bd6 50.Rxb5 Rxb5
51.Nxb5 Bxg3 52.Nbd4 Bd5 53.a3 h5 54.Ne2 Bd6 55.Kd4 Bb3 56.Nc3 Ke7 57.Kd3 g5
58.Nd4 Be5 59.Nxb3 axb3 60.Ne4 g4 61.hxg4 hxg4 62.a4 f5 63.Nd2 b2 64.Kc2 Kd7
65.b5 Kc7 66.a5 f4 67.b6+ Kb7 68.Ne4 Ka6 69.Nf2 f3 70.gxf3 gxf3 71.Nd3 Bd4
72.Kb1 Kb7 73.Kc2 Ka6 74.Kb1 Bc3 75.Kc2 Kb7 76.Kb1 Bxa5 77.Kxb2 Kxb6 78.Kc2 Kb5
79.Kd1 Bc3 80.Nf2 Kc4 81.Kc2 Ba5 82.Ng4 Kd4 83.Kd1 Bc7 84.Ke1 Bg3+ 85.Kf1 Ke4
86.Nf6+ Kd4 87.Nh5 Be5 88.Ke1 Ke3 89.Kf1 f2 90.Kg2 Ke2  0-1

[Event "6th Parsvnath Open"]
[Site "New Delhi IND"]
[Date "2008.01.17"]
[Round "7"]
[White "Shiven,K"]
[Black "Wajih,N"]
[Result "1-0"]
[WhiteElo "2076"]
[BlackElo "2255"]

1.e4 g6 2.d4 Bg7 3.Nc3 d6 4.Be3 c6 5.Qd2 b5 6.Bd3 Nd7 7.f4 Ngf6 8.h3 O-O
9.e5 b4 10.Ne4 Nd5 11.Nf3 c5 12.c3 Nxe3 13.Qxe3 cxd4 14.cxd4 Nb6 15.O-O Nd5
16.Qd2 Bh6 17.Neg5 dxe5 18.dxe5 Bb7 19.Be4 Qb6+ 20.Qf2 Qa6 21.Qh4 Kg7 22.Rfe1 Rad8
23.f5 Qb6+ 24.Kh1 Bxg5 25.Nxg5 h6 26.Nf3 gxf5 27.Bxf5 Ne3 28.Be4 Bxe4 29.Qxe4 Nd5
30.Nh4 Kh8 31.e6 Qxe6 32.Qxe6 fxe6 33.Ng6+ Kg7 34.Nxf8 Rxf8 35.Rxe6 Rf2 36.Rd1 Kf7
37.Ree1 Nf6 38.Rb1 Rc2 39.Rec1 Re2 40.Rc7 a5 41.Rc5 a4 42.Ra5 e5 43.Rxa4 Nd5
44.Rd1 Ne3 45.Rd6  1-0

[Event "6th Parsvnath Open"]
[Site "New Delhi IND"]
[Date "2008.01.17"]
[Round "7"]
[White "Darban,M"]
[Black "Anilkumar,O"]
[Result "1-0"]
[WhiteElo "2401"]
[BlackElo "2204"]

1.e4 d6 2.d4 g6 3.Nc3 Bg7 4.f4 c6 5.Be3 d5 6.e5 h5 7.Nf3 Nh6 8.g3 Bg4 9.h3 Bf5
10.Qd2 b5 11.Bg2 Qc8 12.Nh4 Be6 13.Bf2 Nd7 14.a4 b4 15.Nd1 a5 16.Ne3 Nb6
17.b3 Rb8 18.Qe2 Nf5 19.Nexf5 Bxf5 20.Nxf5 Qxf5 21.Be3 Qc8 22.O-O-O e6 23.g4 Nd7
24.f5 exf5 25.gxf5 Nf8 26.Rdf1 gxf5 27.Qd3 Ng6 28.Bg5 f4 29.h4 c5 30.Bxd5 cxd4
31.e6 Ne5 32.exf7+ Kf8 33.Qxd4 Qc7 34.Bxf4 Rh6 35.Rhg1 Rc8 36.c4 Rg6 37.Rxg6 Nxg6
38.Qxg7+ Kxg7 39.Bxc7 Rxc7 40.Rg1  1-0

[Event "ASEAN Masters Circuit GMB"]
[Site "Tarakan INA"]
[Date "2008.01.17"]
[Round "9"]
[White "Mok Tze Meng"]
[Black "Prayitno,S"]
[Result "0-1"]
[WhiteElo "2346"]
[BlackElo "2312"]

1.e4 g6 2.d4 Bg7 3.Nc3 d6 4.Nf3 Bg4 5.Be2 Nc6 6.Be3 e5 7.dxe5 dxe5 8.O-O Bxf3
9.Bxf3 Nd4 10.Be2 c6 11.a4 Ne7 12.Bc4 O-O 13.Ne2 Kh8 14.c3 Nxe2+ 15.Qxe2 Qc7
16.Rfd1 b6 17.Rd2 f5 18.Rad1 Rad8 19.Be6 Rxd2 20.Qxd2 f4 21.Qd7 Qxd7 22.Rxd7 fxe3  0-1

[Event "115th ch-NZL"]
[Site "Auckland NZL"]
[Date "2008.01.18"]
[Round "5"]
[White "Spain,G"]
[Black "Reilly,T"]
[Result "1-0"]
[WhiteElo "2191"]
[BlackElo "2276"]

1.e4 d6 2.d4 g6 3.Nc3 Bg7 4.Nf3 a6 5.a4 Nf6 6.Be2 O-O 7.O-O Bg4 8.Nd2 Bxe2
9.Qxe2 Nc6 10.Nf3 e5 11.dxe5 dxe5 12.Bg5 Nd4 13.Nxd4 exd4 14.Nd5 Re8 15.Qf3 Re6
16.a5 Rc8 17.Rfd1 c5 18.c3 Qd6 19.Bxf6 Bxf6 20.Nxf6+ Rxf6 21.Qd3 Qf4 22.f3 Rd6
23.c4 Re8 24.Re1 g5 25.Rad1 Qe5 26.g3 Ree6 27.Rd2 Rd7 28.Rf2 f5 29.Rfe2 f4
30.g4 h5 31.h3 Rh6 32.Rg2 Rdh7 33.Kf2 hxg4 34.hxg4 Rh3 35.Ke2 Kf8 36.Kd1 Ke8
37.Rd2 Rg3 38.Rf1 Rhh3 39.Qb3 Qc7 40.e5 Rxg4 41.Qa4+  1-0

[Event "6th Parsvnath Open"]
[Site "New Delhi IND"]
[Date "2008.01.19"]
[Round "9"]
[White "Iuldachev,S"]
[Black "Dzhumaev,M"]
[Result "0-1"]
[WhiteElo "2526"]
[BlackElo "2527"]

1.e4 g6 2.d4 Bg7 3.Nc3 d6 4.Be3 c6 5.Qd2 Nd7 6.f4 b5 7.e5 Nh6 8.Nf3 Nb6 9.Bd3 Bf5
10.O-O Qd7 11.Rae1 Ng4 12.Kh1 b4 13.Nd1 Nd5 14.Bg1 h5 15.e6 Bxe6 16.Rxe6 Qxe6
17.Ng5 Qd7 18.f5 O-O 19.fxg6 fxg6 20.Rxf8+ Rxf8 21.Bxg6 Bh6 22.Bxh5 Ngf6
23.Bf3 Nh7 24.h4 Bxg5 25.hxg5 Rxf3 26.g6 Rf6  0-1

[Event "6th Parsvnath Open"]
[Site "New Delhi IND"]
[Date "2008.01.19"]
[Round "9"]
[White "Debashis,D"]
[Black "Rahman,Zia"]
[Result "0-1"]
[WhiteElo "2279"]
[BlackElo "2492"]

1.e4 g6 2.d4 d6 3.Nc3 Bg7 4.Be3 c6 5.Nf3 Nf6 6.Qd2 O-O 7.Bd3 Nbd7 8.O-O Qc7
9.h3 e5 10.Rfe1 b5 11.dxe5 dxe5 12.a4 b4 13.Ne2 c5 14.Ng3 c4 15.Bf1 a5 16.Red1 Bb7
17.c3 Nc5 18.Bxc5 Qxc5 19.cxb4 axb4 20.Rac1 c3 21.bxc3 b3 22.Qb2 Bc6 23.Nd2 Bxa4
24.Ra1 Rfb8 25.Nxb3 Qc8 26.Rxa4 Rxa4 27.Qc2 Ra3 28.Rb1 Bf8 29.c4 Nd7 30.Nd2 Bc5
31.Nb3 Ba7 32.Ne2 Nc5 33.Nec1 Qc6 34.Nxc5 Rxb1 35.Qxb1 Qxc5 36.Nd3 Qd4 37.c5 Kg7
38.Qb5 Rc3 39.c6 Qxe4 40.Qxe5+ Qxe5 41.Nxe5 Rc5 42.Nd3 Rxc6 43.g3 Rc2 44.Kg2 Kf6
45.Kf3 Ke6 46.Be2 Kd5 47.Bf1 Kd4 48.Be2 Rd2 49.Ne1 Bb6 50.g4 Ba7 51.Ng2 Ra2
52.Ne3 f6 53.Bc4 Ra3 54.Bg8 h6 55.Bf7 g5 56.Kg2 Ke4 57.Bg6+ Kf4 58.Nd5+ Ke5
59.Nb4 Rc3 60.Nc2 Bc5 61.Ne1 Ra3 62.Nc2 Ra2 63.Kf3 Rb2 64.Kg3 Kd5 65.Bf7+ Kc6
66.Bg6 Kb5 67.Kf3 Kc4 68.Bh7 Kc3 69.Ne3 Bxe3 70.Kxe3 Kc4 71.Bg8+ Kc5 72.Bf7 Kd6
73.Kf3 Ke5 74.Bg6 Rb3+ 75.Kg2 Kd4 76.Bf7 Ra3 77.Bg6 Kc3 78.f3 Kd4 79.Kg3 Ke3
80.Bf7 Ra1 81.Kg2 Kf4 82.Bc4 Rb1 83.Kf2 Rb2+ 84.Be2 Ra2  0-1

[Event "TCh-BEL 2007-8"]
[Site "Belgium BEL"]
[Date "2008.01.20"]
[Round "7"]
[White "Gharamian,T"]
[Black "Deleyn,G"]
[Result "1-0"]
[WhiteElo "2558"]
[BlackElo "2304"]

1.e4 g6 2.d4 Bg7 3.Nc3 d6 4.f4 Nc6 5.Be3 e6 6.Nf3 Nf6 7.Qd2 a6 8.O-O-O Ne7
9.Kb1 b5 10.e5 Nfd5 11.Nxd5 Nxd5 12.h4 h5 13.Bd3 Bb7 14.Ng5 Qd7 15.Qe2 b4
16.Bd2 a5 17.exd6 O-O 18.g4 Nf6 19.f5 Bxh1 20.fxe6 fxe6 21.Rxh1 Qxd6 22.Qxe6+ Qxe6
23.Nxe6 Rf7 24.Bc4 Kh8 25.Nf4 Rd7 26.Nxg6+ Kh7 27.Bd3 Rxd4 28.gxh5 Bh6 29.Nf8+ Kg7
30.Ne6+ Kf7 31.Nxd4 Bxd2 32.Bg6+ Kg7 33.Rf1 Nd5 34.Rd1  1-0

[Event "TCh-BEL 2007-8"]
[Site "Belgium BEL"]
[Date "2008.01.20"]
[Round "7"]
[White "Saiboulatov,D"]
[Black "Vandenbussche,T"]
[Result "1/2-1/2"]
[WhiteElo "2373"]
[BlackElo "2235"]

1.e4 g6 2.d4 Bg7 3.Nc3 d6 4.f4 Nc6 5.Be3 Nf6 6.Nf3 e6 7.Qd2 Ne7 8.O-O-O a6
9.e5 Ng4 10.Bg1 dxe5 11.dxe5 Qxd2+ 12.Nxd2 h5 13.Be2 g5 14.h3 Nh6 15.fxg5 Nhf5
16.Bh2 Ne3 17.Rdg1 Bd7 18.Bf3 O-O-O 19.Re1 N3f5 20.Be4 h4 21.Nf3 Bc6 22.Bxc6 Nxc6
23.Re4 Bf8 24.Rd1 Bc5 25.Rxd8+ Kxd8 26.Nd1 Ncd4 27.Nxd4 Bxd4 28.Bf4 Rg8 29.c3 Bc5
30.Bd2 Ke8 31.b4 Bb6 32.Nb2 Kd7 33.Nd3 c6 34.a4 Ke7 35.Ne1 Bf2 36.Nd3 Bb6
37.Kc2 Kd7 38.Ne1 Bf2 39.Nf3 Bg3 40.Be3 Kc7 41.Bg1 Kc8 42.Bb6 Kd7 43.Kd3 Rh8
44.Rg4 Ne7 45.Be3 Ng6  1/2-1/2

[Event "TCh-BEL 2007-8"]
[Site "Belgium BEL"]
[Date "2008.01.20"]
[Round "7"]
[White "Fiebig,T"]
[Black "Cekro,E"]
[Result "0-1"]
[WhiteElo "2388"]
[BlackElo "2416"]

1.e4 g6 2.d4 Bg7 3.Nc3 d6 4.Nf3 c6 5.a4 Bg4 6.Bc4 e6 7.Be3 d5 8.Bb3 Nd7 9.h3 Bxf3
10.Qxf3 Ne7 11.h4 h5 12.Rd1 dxe4 13.Nxe4 Nf5 14.Ng5 Qe7 15.c3 Bh6 16.Ke2 Nxe3
17.fxe3 Bxg5 18.hxg5 Qxg5 19.Rdf1 Rf8 20.Qf2 O-O-O 21.Rh3 Rde8 22.Rg3 Qd8
23.Kd2 g5 24.Rh3 f5 25.Kc1 Nf6 26.Qg3 Rg8 27.Qe5 Qe7 28.g3 b6 29.d5 cxd5
30.a5 Rgf8 31.Ba4 Rd8 32.Bb5 Qd6 33.Ba6+ Kb8 34.Qd4 bxa5 35.Be2 g4 36.Rh2 Qb6
37.Qf4+ Qc7 38.Kc2 Ne4 39.Rg1 Qxf4 40.exf4 Rh8 41.Bd3 Rh7 42.b4 axb4 43.cxb4 Rdh8
44.Rh4 Kc7 45.Bxe4 fxe4 46.Kc3 Kd6 47.Ra1 Rb8 48.Ra6+ Rb6  0-1

[Event "Open"]
[Site "Marianske Lazne CZE"]
[Date "2008.01.21"]
[Round "3"]
[White "Kryukova,I"]
[Black "Hastik,S"]
[Result "1-0"]
[WhiteElo "2249"]
[BlackElo "2116"]

1.e4 g6 2.d4 Bg7 3.Nc3 d6 4.Be3 Nf6 5.b3 O-O 6.Qd2 e5 7.dxe5 dxe5 8.O-O-O Qxd2+
9.Rxd2 c6 10.Bc4 Nbd7 11.a4 a5 12.Nf3 Re8 13.Rhd1 Nf8 14.Ng5 Be6 15.Nxe6 Nxe6
16.Bxe6 Rxe6 17.Rd8+ Re8 18.Rxe8+ Rxe8 19.Bb6 Ra8 20.Rd8+ Rxd8 21.Bxd8 Nd7
22.Bxa5 Bf8 23.Bc7 f6 24.Ne2 Bh6+ 25.Kb1 Kf7 26.b4 f5 27.exf5 gxf5 28.c3 Ke6
29.Kc2 Be3 30.Kd3 Bxf2 31.a5 h5 32.c4 Be1 33.b5 cxb5 34.cxb5 Kd5 35.Nc3+ Kc5
36.a6 bxa6 37.bxa6 Kc6 38.a7 Kb7 39.Nb5 Bf2 40.Nd6+ Kxa7 41.Nxf5 Kb7 42.Bd6 Kc6
43.Ke4 Bd4 44.Nxd4+ Kxd6 45.Nf5+ Ke6 46.Ng7+ Kf6 47.Nxh5+ Ke6 48.g4 Nc5+
49.Ke3 Kf7 50.Ng3 Kg6 51.h4 Kh6 52.Ne4 Ne6 53.Ng5 Nf4 54.Ke4 Ng2 55.Nf7+ Kg7
56.h5  1-0

[Event "Kots Mem"]
[Site "Donetsk UKR"]
[Date "2008.01.22"]
[Round "5"]
[White "Sysoenko,A"]
[Black "Demkovich,A"]
[Result "1-0"]
[WhiteElo "2256"]
[BlackElo "2381"]

1.e4 g6 2.d4 Bg7 3.Nc3 d6 4.f4 c6 5.Nf3 Bg4 6.Be3 Qb6 7.Qd2 Qxb2 8.Rb1 Qa3
9.Rxb7 Nf6 10.Be2 O-O 11.O-O Bc8 12.Rb3 Qa5 13.h3 Qc7 14.Qe1 Nbd7 15.Qh4 Nb6
16.f5 gxf5 17.Bh6 Ne8 18.Bxg7 Kxg7 19.Ng5 Rh8 20.Nb5 Qd7 21.Rg3 h6 22.Rxf5 Kf8
23.Rxf7+ Kg8 24.Ne6+ Kxf7 25.Qh5+ Kxe6 26.Qf5+  1-0

[Event "GMA2"]
[Site "Marianske Lazne CZE"]
[Date "2008.01.22"]
[Round "4"]
[White "Simacek,P"]
[Black "Vokac,M"]
[Result "1-0"]
[WhiteElo "2463"]
[BlackElo "2435"]

1.e4 g6 2.d4 Bg7 3.Nc3 d6 4.g3 a6 5.a4 b6 6.Bg2 Bb7 7.Nge2 e6 8.O-O Ne7 9.d5 exd5
10.exd5 Nd7 11.Nd4 Nf6 12.Bg5 h6 13.Bxf6 Bxf6 14.Ne4 Bg7 15.c4 O-O 16.Nc3 a5
17.Qd3 Qd7 18.Rae1 Rae8 19.Ncb5 Ba6 20.b3 Bxb5 21.Nxb5 Kh7 22.h4 Ng8 23.h5 Nf6
24.hxg6+ fxg6 25.Nd4 Rxe1 26.Rxe1 Qf7 27.Ne6 Rg8 28.Qc2 Re8 29.Re2 c5 30.Be4 Rg8
31.Bd3 Ng4 32.Re4 Ne5 33.Rf4 Bf6 34.Qe2 Qe7 35.Bc2 Kh8 36.Re4 Qh7 37.Kg2 h5
38.Rf4 Be7 39.Re4 Bf6 40.Qd2 Qf7 41.Re1 Re8 42.Qh6+ Qh7 43.Qxh7+ Kxh7 44.f4 Rxe6
45.dxe6 Nc6 46.e7 Bxe7 47.Re6 Kg7 48.Be4 Kf7 49.Bd5 Nb4 50.Rxd6+ Kg7 51.Rxb6 Bf6
52.Be4 Na2 53.Ra6 Nc1 54.Bc2 Ne2 55.Bd1 Nd4 56.Rxa5 Nf5 57.Kh3 Bd4 58.Ra7+ Kh6
59.g4 hxg4+ 60.Bxg4  1-0

[Event "IM"]
[Site "Orsha BLR"]
[Date "2008.01.22"]
[Round "2"]
[White "Aliavdin,N"]
[Black "Tsyhanchuk,S"]
[Result "1-0"]
[WhiteElo "2398"]
[BlackElo "2072"]

1.e4 g6 2.d4 Bg7 3.Nc3 d6 4.f4 Nf6 5.Nf3 O-O 6.Bd3 c5 7.dxc5 dxc5 8.e5 Nd5
9.Nxd5 Qxd5 10.Qe2 Nc6 11.Be4 Qd7 12.c3 b6 13.h4 h5 14.Ng5 f5 15.Bd3 Nd8
16.Be3 e6 17.O-O-O Qe7 18.g4 hxg4 19.h5 Bb7 20.hxg6 Qe8 21.Rh4 Qxg6 22.Rxg4 c4
23.Bc2 Qh5 24.Rg2 Qxe2 25.Rxe2 Bd5 26.Rh2 Rc8 27.Rg1 Rc7 28.Nh7 Kf7 29.Nxf8 Kxf8
30.Bxf5  1-0

[Event "ch-Reykjavik"]
[Site "Reykjavik ISL"]
[Date "2008.01.23"]
[Round "8"]
[White "Kristjansson,A"]
[Black "Bjarnason,S"]
[Result "0-1"]
[WhiteElo "2019"]
[BlackElo "2226"]

1.d4 g6 2.e4 Bg7 3.Nc3 d6 4.f4 Nf6 5.Nf3 O-O 6.Bd3 Bg4 7.h3 Bxf3 8.Qxf3 Nc6
9.Be3 e5 10.dxe5 dxe5 11.O-O-O Qe7 12.f5 Rfd8 13.g4 Nd4 14.Qf2 h6 15.g5 hxg5
16.Bxg5 Qc5 17.Qh4 Nf3 18.Qg3 Nxg5 19.Qxg5 Nh7 20.Qg2 Rd6 21.h4 c6 22.Rh3 Bh6+
23.Kb1 Kh8 24.Rg3 Bf4 25.Rg4 Rg8 26.Rg1 b5 27.Ne2 Be3 28.Rf1 Rf6 29.Ng3 Qf8
30.Rf3 Bf4 31.Ne2 gxf5 32.exf5 Rxg4 33.Qxg4 Bh6 34.Ng3 Rd6 35.Ne4 Rd4 36.f6 Qg8
37.Qf5 Bf4 38.c3 Rd8 39.Ng5 Nf8 40.Qg4 Bxg5 41.hxg5 Nh7 42.Rh3 Rxd3 43.Rxd3 Nxg5
44.Rg3 Qg6+  0-1

[Event "Winter Open"]
[Site "Belgrade SRB"]
[Date "2008.01.24"]
[Round "3"]
[White "Benderac,A"]
[Black "Milic,D"]
[Result "1-0"]
[WhiteElo "2324"]
[BlackElo "2031"]

1.d4 d6 2.e4 g6 3.Nc3 Bg7 4.Be3 c6 5.a4 Nf6 6.f3 Qa5 7.Ne2 O-O 8.Nc1 Nbd7
9.Nb3 Qc7 10.a5 Re8 11.Be2 Nf8 12.O-O e5 13.d5 c5 14.Nb5 Qd8 15.Nxc5 a6 16.Nxb7 Bxb7
17.Bb6 Qe7 18.Nc7 Rec8 19.Nxa8 Rxa8 20.b4 N8d7 21.Be3 Ne8 22.c4 Rc8 23.Qd2 f5
24.Rac1 fxe4 25.fxe4 Ndf6 26.Qd3 Rb8 27.Ba7 Ra8 28.Bb6 Bh6 29.Be3 Bxe3+ 30.Qxe3 Bc8
31.c5 Rb8 32.Rb1 Qa7 33.Kh1 Kg7 34.h3 Bd7 35.g4 Bb5 36.Bxb5 Rxb5 37.Qf3 Qe7
38.c6 Nc7 39.Rb2 Rb8 40.Rbf2 Rf8 41.g5 Nd7 42.Qg4 Rxf2 43.Rxf2 Nf8 44.Qc8 Ne8
45.Qb7 Nc7 46.b5 axb5 47.a6 Qd8 48.a7 Kg8 49.Qxc7  1-0

[Event "IM"]
[Site "Orsha BLR"]
[Date "2008.01.24"]
[Round "5"]
[White "Kosov,Iv"]
[Black "Ni,V"]
[Result "1-0"]
[WhiteElo "2365"]
[BlackElo "2132"]

1.d4 d6 2.e4 g6 3.Nc3 Bg7 4.Be3 Nf6 5.Qd2 Ng4 6.Bg5 h6 7.Bh4 g5 8.Bg3 e5
9.Nf3 exd4 10.Nxd4 Nc6 11.Nxc6 bxc6 12.h4 Rb8 13.O-O-O Be6 14.f3 Ne5 15.hxg5 hxg5
16.Rxh8+ Bxh8 17.Bf2 a5 18.Be2 Bc4 19.Bd4 Bxe2 20.Qxe2 Qc8 21.Rh1 Ke7 22.b3 Qe6
23.Kb1 Kd7 24.Na4 Ng6 25.Qd2 Bxd4 26.Qxd4 Qe5 27.Qa7 Rb5 28.Rd1 Kc8 29.c4 Rb4
30.Qa8+ Kd7 31.Qg8 Qe8 32.Qg7 Qf8 33.Qd4 Qe7 34.Qa7 Qe5 35.Nc5+ Kd8 36.Na6 Qe7
37.Qa8+ Kd7 38.Nc5+  1-0